000 01568cam a2200409 4500
003 PE-LiUPU
005 20250731184117.0
020 _a8496426211
035 _a(Sirsi) i9788496426214
035 _a(Sirsi) 51745
035 _a(Sirsi) 51745
041 _aes
044 _aes
082 0 4 _a808.02
_bW28
100 1 _aWarburton, Nigel (1962-)
245 _aCómo aprender a escribir /
_cNigel Warburton.
264 1 _aBarcelona :
_bPaidós,
_c2012
300 _a132 páginas :
_bilustraciones ;
_c22 cm.
490 0 _aPaidós comunicación
500 _aTítulo original: The basics of essay writing --página legal
505 0 _a¿Qué es el CRM? -- Los clientes -- Canales -- Centros de atención telefónica y servicios de asistencia técnica -- Cultura y actitud de la empresa -- Motivar al personal que se encarga del CRM -- Implementación y resumen.
526 _aP145
526 _aP127
526 _aP97
526 _aP14
526 _aP07
650 1 4 _aRedacción
700 1 _aSaler, Brian
_ecoaut.
700 1 _aBarba Eric
_etr.
859 _q68896
_h808.02
_iW28
910 _agl
_b
_cng
_d20131105
942 _2ddc
_cBOOK
949 _a808.02 W28
_i68896
_lCCODEBUL1
_mBUL
_tLIBRO
_o.STAFF. Colección General
596 _a1
999 _a808.02 W28
_wDEWEY
_c56081
_i68896
_d56081
_e2018-5-27
_f2021-11-5
_g6
_lCCODEBUL1
_mBUL
_n19
_p36.00
_q3
_r0
_sY
_tBOOK
_u2015-7-6
_xBIBLIOTECA
_zAGB
_0COMPRA
_o.STAFF. Colección General
980 _81
_gALBERTO SANCHEZ Responsable de Automatización